2030 Population (millions) | Metro Area |
19.88 | New York, NY (NJ/PA) | | 99.4% | 13.71 | Los Angeles, CA | | 98.8% | 10.79 | Chicago, IL (IN/WI) | | 97.9% | 9.45 | Dallas, TX | | 97.4% | 8.68 | Houston, TX | | 97.3% | 4.55 | San Francisco, CA | | 95.7% | 6.39 | Miami, FL | | 95.5% | 6.24 | Philadelphia, PA (NJ/DE/MD) | | 95.3% | 7.39 | Phoenix, AZ | | 94.7% | 4.27 | Seattle, WA | | 94.6% | 8.69 | Atlanta, GA | | 94% | 4.72 | Boston, MA (NH) | | 94% | 6.67 | Washington, DC (VA/MD/WV) | | 93.2% | 3.35 | San Diego, CA | | 93% | 4.34 | Detroit, MI | | 92.7% | 3.00 | Portland, OR (WA) | | 91.6% | 3.42 | Denver, CO | | 91% | 2.98 | San Antonio, TX | | 90.8% | .573 | Jackson, MS | | 90.4% | 1.89 | Cleveland, OH | | 90% | 3.95 | Minneapolis, MN (WI) | | 89.8% | 3.13 | St. Louis, MO (IL) | | 89.1% | 2.10 | Pittsburgh, PA | | 89.1% | 1.15 | New Orleans, LA | | 88.9% | 3.79 | Tampa, FL | | 88.8% | 2.51 | Cincinnati, OH (KY/IN) | | 88.7% | 3.28 | Las Vegas, NV | | 88.6% | 2.46 | Kansas City, MO (KS) | | 88.5% | 2.96 | Baltimore, MD | | 88.4% | 1.88 | Jacksonville, FL | | 88.4% | 2.19 | Columbus, OH | | 88.1% | 2.81 | Austin, TX | | 87.9% | 3.27 | Orlando, FL | | 87.9% | 2.25 | Nashville, TN | | 87.7% |
|
2030 Population (millions) | Metro Area |
1.54 | Memphis, TN (MS/AR) | | 87.6% | 2.84 | Charlotte, NC (SC) | | 87.5% | 2.24 | Indianapolis, IN | | 86.8% | 1.54 | Oklahoma City, OK | | 85.8% | 1.66 | Milwaukee, WI | | 84.7% | 2.85 | Sacramento, CA | | 84.6% | .978 | Buffalo, NY | | 84.5% | 1.94 | Raleigh, NC | | 84.1% | 2.16 | San Jose, CA | | 83.7% | .795 | El Paso, TX | | 83.5% | .559 | Augusta, GA (SC) | | 82.1% | 1.48 | Louisville, KY (IN) | | 82% | 1.61 | Salt Lake City, UT | | 81.4% | 1.30 | Birmingham, AL | | 79.4% | .893 | Omaha, NE (IA) | | 78.9% | .949 | Albuquerque, NM | | 77.9% | 1.10 | Tucson, AZ | | 77.8% | 1.84 | Virginia Beach, VA (NC) | | 77.5% | 1.62 | Richmond, VA | | 77.4% | 1.56 | Providence, RI (MA) | | 76.7% | .960 | Tulsa, OK | | 75.5% | .727 | Little Rock, AR | | 75.2% | .617 | Des Moines, IA | | 74.5% | .720 | Boise, ID | | 73.3% | 1.30 | Hartford, CT | | 73.2% | .715 | Charleston, SC | | 73.1% | .932 | Honolulu, HI | | 72.8% | .852 | Baton Rouge, LA | | 72.4% | .993 | Rochester, NY | | 72.3% | .606 | Madison, WI | | 72.1% | .877 | Albany, NY | | 71.3% | 6.61 | Riverside, CA | | 71% | .677 | Colorado Springs, CO | | 70.7% | .991 | Fresno, CA | | 68.2% |
|
2030 Population (millions) | Metro Area |
.682 | Springfield, MA | | 68.1% | .637 | Syracuse, NY | | 67.3% | .640 | Toledo, OH | | 66.6% | .786 | Columbia, SC | | 66.4% | .625 | Wichita, KS | | 65.8% | .752 | Knoxville, TN | | 65.6% | .699 | Akron, OH | | 63.3% | .820 | Dayton, OH | | 61.7% | .807 | Grand Rapids, MI | | 61.4% | .862 | New Haven, CT | | 60.6% | .762 | Greensboro, NC | | 58.3% | .926 | Bakersfield, CA | | 58.1% | .538 | Durham, NC | | 55% | .900 | Bridgeport, CT | | 54.2% | .804 | Worcester, MA | | 49.5% | .553 | Chattanooga, TN (GA) | | 46.7% | .545 | Scranton, PA | | 45.4% | .551 | Harrisburg, PA | | 44.2% | .755 | Stockton, CA | | 42.8% | .608 | Provo, UT | | 42.5% | .867 | Allentown, PA (NJ) | | 42.2% | .753 | Cape Coral, FL | | 36% | .676 | Greenville, SC | | 35.4% | .563 | Modesto, CA | | 34.7% | .849 | McAllen, TX | | 32.3% | .828 | Oxnard, CA | | 30.7% | .598 | Ogden, UT | | 28.8% | .778 | Sarasota, FL | | 26.6% | .555 | Deltona, FL | | 25.2% | .588 | Palm Bay, FL | | 20.9% | .681 | Lakeland, FL | | 18.7% | .706 | Poughkeepsie, NY | | 16.1% |
|
Comments